000 00737cab a2200181 4500
001 L136549
008 070207n2007 000 0 eng u
035 _a(Sirsi) u136549
041 0 _aeng
245 0 0 _aREIT market players to evolve from generalists to specialists
260 _c2007
490 0 _aEuroProperty
_v5 February 2007, 12-13(2)
520 _aDiscusses the possible break up of diversified REITs into specialist vehicles that can raise large amounts of money. Sector specialist are expected to dominate, with large companies potentially splitting into sector specialists.
590 _aKA
651 4 _aUnited Kingdom
_y
690 _aPROPERTY-PROPERTY FINANCE AND INVESTMENT-REAL ESTATE INVESTMENT TRUSTS
942 _n0
999 _c78342
_d78342